| 000 | 00457nam a2200157 a 4500 | ||
|---|---|---|---|
| 001 | 000030675 | ||
| 005 | 20200930062439.0 | ||
| 008 | 110525s1917 dr bc 000 | spa d | ||
| 040 |
_aDO-SdBNP _bspa _cBNPHU |
||
| 082 |
_axxx _bW373n |
||
| 100 | 1 |
_aWeber, Luis A. _957254 |
|
| 245 | 1 | 0 |
_aNotas para el estudio de la geografĂa / _cLuis A. Weber. |
| 260 |
_aSanto Domingo : _bMontalvo Hnos., _c1917. |
||
| 300 |
_av. : _bmapas, retrs. ; _c18 cm. |
||
| 049 | _aBNPD | ||
| 999 |
_c30167 _d30167 |
||